000 00544nmm a2200181Ia 4500
008 251105s9999||||xx |||||||||||||||||und||
041 _acat
100 _aVentura, Luca
245 2 _aA mitjans d'agost
264 _a[Madrid, España] :
_bUnivers Llibres,
_c[Fecha de publicación no identificada]
300 _a0 páginas
490 _aUnivers digital
650 _aThriller & Suspense
700 _aVentura, Luca
700 1 _a de Bru de Sala i Martí, Marta
856 _uhttps://public.digitaliapublishing.com/a/119955
942 _cCF
999 _c72332
_d72332